Skład reprezentacji Polski w latach 2002-2026 część 2/3(2012-2020) - Statystyki

Ogólne statystyki
  • Ten quiz został rozwiązany 46 razy
  • Średni wynik to 79 z 99
Statystyki odpowiedzi
% Poprawnych
Bramkarz Wojciech Szczęsny
98%
Bramkarz Wojciech Szczęsny
98%
Bramkarz Wojciech Szczęsny
98%
Bramkarz Wojciech Szczęsny
98%
Bramkarz Wojciech Szczęsny
98%
Napastnik Robert Lewandowski
95%
Napastnik Robert Lewandowski
95%
Napastnik Robert Lewandowski
95%
Napastnik Robert Lewandowski
95%
Napastnik Robert Lewandowski
95%
Napastnik Robert Lewandowski
95%
Napastnik Robert Lewandowski
95%
Napastnik Robert Lewandowski
95%
Napastnik Robert Lewandowski
95%
Napastnik Arkadiusz Milik
93%
Napastnik Arkadiusz Milik
93%
Napastnik Arkadiusz Milik
93%
Napastnik Arkadiusz Milik
93%
Napastnik Arkadiusz Milik
93%
Napastnik Arkadiusz Milik
93%
Bramkarz Łukasz Fabiański
93%
Bramkarz Łukasz Fabiański
93%
Bramkarz Artur Boruc
91%
Pomocnik Jakub Błaszczykowski
91%
Pomocnik Jakub Błaszczykowski
91%
Pomocnik Jakub Błaszczykowski
91%
Pomocnik Jakub Błaszczykowski
91%
Pomocnik Jakub Błaszczykowski
91%
Pomocnik Jakub Błaszczykowski
91%
Obrońca Kamil Glik
91%
Obrońca Kamil Glik
91%
Obrońca Kamil Glik
91%
Obrońca Kamil Glik
91%
Obrońca Kamil Glik
91%
Obrońca Kamil Glik
91%
Obrońca Kamil Glik
91%
Obrońca Kamil Glik
91%
Obrońca Łukasz Piszczek
91%
Obrońca Łukasz Piszczek
91%
Obrońca Łukasz Piszczek
91%
Obrońca Łukasz Piszczek
91%
Obrońca Łukasz Piszczek
91%
Obrońca Łukasz Piszczek
91%
Obrońca Łukasz Piszczek
91%
Pomocnik Grzegorz Krychowiak
86%
Pomocnik Grzegorz Krychowiak
86%
Pomocnik Grzegorz Krychowiak
86%
Pomocnik Grzegorz Krychowiak
86%
Pomocnik Grzegorz Krychowiak
86%
Pomocnik Grzegorz Krychowiak
86%
Pomocnik Grzegorz Krychowiak
86%
Pomocnik Grzegorz Krychowiak
86%
Pomocnik Kamil Grosicki
84%
Pomocnik Kamil Grosicki
84%
Pomocnik Kamil Grosicki
84%
Pomocnik Kamil Grosicki
84%
Pomocnik Kamil Grosicki
84%
Pomocnik Kamil Grosicki
84%
Pomocnik Kamil Grosicki
84%
Napastnik Krzysztof Piątek
84%
Napastnik Krzysztof Piątek
84%
Pomocnik Piotr Zieliński
84%
Pomocnik Piotr Zieliński
84%
Pomocnik Piotr Zieliński
84%
Obrońca Jan Bednarek
81%
Obrońca Jan Bednarek
81%
Obrońca Jan Bednarek
81%
Obrońca Michał Pazdan
81%
Obrońca Michał Pazdan
81%
Obrońca Michał Pazdan
81%
Bramkarz Przemysław Tytoń
77%
Obrońca Artur Jędrzejczyk
72%
Obrońca Artur Jędrzejczyk
72%
Obrońca Bartosz Bereszyński
70%
Obrońca Bartosz Bereszyński
70%
Obrońca Bartosz Bereszyński
70%
Obrońca Jakub Wawrzyniak
70%
Obrońca Jakub Wawrzyniak
70%
Obrońca Jakub Wawrzyniak
70%
Obrońca Jakub Wawrzyniak
70%
Pomocnik Krzysztof Mączyński
67%
Pomocnik Krzysztof Mączyński
67%
Pomocnik Krzysztof Mączyński
67%
Pomocnik Krzysztof Mączyński
67%
Pomocnik Sebastian Szymański
63%
Pomocnik Ludovic Obraniak
58%
Obrońca Marcin Wasilewski
56%
Obrońca Marcin Wasilewski
56%
Obrońca Damien Perquis
53%
Pomocnik Eugen Polanski
53%
Pomocnik Maciej Rybus
53%
Obrońca Łukasz Szukała
44%
Obrońca Tomasz Kędziora
44%
Obrońca Tomasz Kędziora
44%
Pomocnik Rafał Murawski
42%
Pomocnik Waldemar Sobota
35%
Napastnik Artur Sobiech
30%
Pomocnik Mateusz Klich
30%
Pomocnik Mateusz Klich
30%
Nie znaleziono quizów pasujących do podanych kryteriów
Rozkład punktacji
Procent ludzi z każdym wynikiem
Percentyl według liczby udzielonych odpowiedzi
Twoja historia wyników
Nie rozwiązałeś tego quizu